000 00600nam a2200169 4500
001 161344
003 ES-MaACL
005 20230906212250.0
008 950309s1869 fr |||| | fre d
040 _aEUS
_bspa
_cEUS
245 0 3 _aLe pape et le concile par Janus /
_ctraduit de l'allemand avec l'autorisation des auteurs par Giraud-Teulon, fils.
260 _aParis :
_bLibrairie Internationale,
_c1869 (
_eBruxelles :
_fTyp. de A. Lacroix)
300 _aXXIV, 462 p. ;
_c18 cm.
700 2 1 _aGiraud-Teulon
_c, Hijo.
_9127335
852 _aES-MaACL
_jD-4650
_z-- Enc. tela
999 _c161344
_d161344